| 000 | 00442nam a22001217a 4500 | ||
|---|---|---|---|
| 999 |
_c10152 _d10152 |
||
| 003 | OSt | ||
| 008 | 201203b ||||| |||| 00| 0 eng d | ||
| 245 | _aIndian Journal of Computer Science | ||
| 250 | _a2018(Jan-Feb Vol.3 No.1, Mar-Apr Vol.3 No.2, May-Jun Vol.3 No.3, Jul-Aug Vol.3 No.4, Sep-Oct Vol.3 No.5) | ||
| 260 |
_aNew Delhi _bAssociated Management Consultants Private Limited |
||
| 650 | _aComputer Science Engineering | ||
| 942 |
_2ddc _cBV |
||